000 00519nam a2200181Ia 4500
003 OSt
005 20191226104944.0
008 190216s9999||||xx |||||||||||||| ||und||
020 _a9780486653914
040 _coclc
082 _a330.0151
_bLAN/M
100 _aLancaster, Kelvin
_9768
245 0 _aMathematical Economics /
_cKelvin Lancaster
260 _bDover Publications,
_c2013.
_aNew York:
300 _a426p
650 _aEcnomics
942 _cBK
_2ddc
_h330.0151
_iLAN/M
_k330.0151
_mLAN/M
999 _c11445
_d11445